| Tag |
First Indicator |
Second Indicator |
Subfields |
| LEADER |
00000cam a2200000 i 4500 |
| 001 |
in00000673321 |
| 005 |
20151015094619.0 |
| 008 |
800701s1979 onc b 00110 eng |
| 010 |
|
|
|a 80483089
|
| 015 |
|
|
|a C80-1901-6
|
| 020 |
|
|
|c $7.00 (pbk.)
|
| 035 |
|
|
|a (OCoLC)05951372
|
| 035 |
|
|
|9 ACY9273AM
|
| 040 |
|
|
|a DLC
|c DLC
|d TXA
|d UtOrBLW
|
| 043 |
|
|
|a n-cn---
|
| 049 |
|
|
|a TXAM
|c [1270219]
|
| 050 |
0 |
0 |
|a HJ793
|b .B57
|
| 082 |
0 |
|
|a 336.71
|2 19
|
| 100 |
1 |
|
|a Bird, Richard M.
|q (Richard Miller),
|d 1938-
|
| 245 |
1 |
0 |
|a Financing Canadian government :
|b a quantitative overview /
|c by Richard M. Bird.
|
| 264 |
|
1 |
|a [Toronto] :
|b Canadian Tax Foundation,
|c [1979]
|
| 264 |
|
4 |
|c ©1979
|
| 300 |
|
|
|a xi, 146 pages ;
|c 23 cm.
|
| 336 |
|
|
|a text
|b txt
|2 rdacontent
|
| 337 |
|
|
|a unmediated
|b n
|2 rdamedia
|
| 338 |
|
|
|a volume
|b nc
|2 rdacarrier
|
| 490 |
1 |
|
|a Financing Canadian federation,
|x 0008-512X ;
|v 1
|
| 500 |
|
|
|a Includes index.
|
| 504 |
|
|
|a Bibliography: pages 136-142.
|
| 650 |
|
0 |
|a Finance, Public
|z Canada.
|
| 650 |
|
0 |
|a Intergovernmental fiscal relations
|z Canada.
|
| 710 |
2 |
|
|a Canadian Tax Foundation.
|
| 830 |
|
0 |
|a Financing Canadian federation ;
|v 1.
|
| 999 |
|
|
|a MARS
|
| 999 |
f |
f |
|s ac12c5ed-bc32-3bbf-b4ff-c7315ec24fb7
|i 0c69f7cc-f4e8-3789-91f6-16be9d1cc0e4
|t 0
|
| 952 |
f |
f |
|p ric
|a Texas A&M University
|b Rellis Campus
|c Joint Library Facility
|d Remote Storage
|t 0
|e HJ793 .B57
|h Library of Congress classification
|i unmediated -- volume
|m A14802893951
|
| 998 |
f |
f |
|a HJ793 .B57
|t 0
|l Remote Storage
|